000
00314nam a2200133Ia 4500
008
231129s1977||||xx |||||||||||||| ||spa||
040
_b
spa
082
_a
923.286135 A478o
100
_a
Ocampo Marin Hector
245
0
_a
Gilberto Alzate Avendano
260
_c
1977
264
_a
Quingraficas
942
_2
ddc
_c
BKS
999
_c
14515
_d
14515